000 00492nam a2200193Ia 4500
020 _a0697244156
040 _cIAI
082 _a317 BRO 1995 A017 Or.
100 1 _aOrnstein, Allan C.
245 1 0 _aStrategies for effective teaching /
250 _a2nd ed.
260 _aMadison :
_bBrown & Benchmark,
_cc1995.
300 _axix, 488 p. :
_bill. ;
_c24 cm.
650 0 _aTeaching.
650 0 _aClassroom management.
650 0 _aLesson planning.
650 0 _aTeachers
942 _cEK
999 _c11634
_d11634